Prežívanie voľného času v online priestore a konzumácia legálnych a nelegálnych drog u žiakov základných a stredných škôl

Salvato in:
Dettagli Bibliografici
Autore principale: Bieliková, Marcela
Altri autori: Janková, Mária, Pétiová, Marianna
Natura: Libro
Lingua:slovacco
Pubblicazione: Bratislava Centrum vedecko-technických informácií SR 2019
Soggetti:
Tags: Aggiungi Tag
Nessun Tag, puoi essere il primo ad aggiungerne!!

MARC

LEADER 00000nam a2200000 4500
001 0262561
005 20240221115152.3
020 |a 978-80-89965-21-2 
041 0 |a slo 
044 |a SK 
245 1 0 |a Prežívanie voľného času v online priestore a konzumácia legálnych a nelegálnych drog u žiakov základných a stredných škôl  |c Marcela Bieliková, Mária Janková, Marianna Pétiová 
264 1 |a Bratislava  |b Centrum vedecko-technických informácií SR  |c 2019 
300 |a 77 s. 
610 2 0 |a žiaci 
610 2 0 |a školy základné 
610 2 0 |a školy stredné 
610 2 0 |a čas voľný 
610 2 0 |a internet 
610 2 0 |a drogy 
610 2 0 |a alkoholizmus 
610 2 0 |a tabak 
610 2 0 |a rodina 
610 2 0 |a vzťahy medziľudské 
610 2 0 |a dôsledky sociálne 
610 2 0 |a výskum 
610 2 0 |a Slovensko 
100 1 |a Bieliková, Marcela 
700 1 |a Janková, Mária 
700 1 |a Pétiová, Marianna